| 000 | 00439pab a2200169 454500 | ||
|---|---|---|---|
| 008 | 180718b2003 xxu||||| |||| 00| 0 eng d | ||
| 100 | _aLebow, David E. | ||
| 245 | _aMeasurement error in the consumer price index: where do we stand? | ||
| 260 | _c2003 | ||
| 300 | _ap.159-201. | ||
| 362 | _aMar | ||
| 650 | _aConsumers | ||
| 650 | _aPrices | ||
| 700 | _aRudd, Jeremy B. | ||
| 773 | _aJournal of Economic Literature | ||
| 909 | _a56119 | ||
| 999 |
_c56119 _d56119 |
||